Juego de ludo /

Guardado en:
Formato: Objeto Físico
Publicado: Argentina : Toyco, [20??]
Materias:
Etiquetas: Agregar Etiqueta
Sin Etiquetas, Sea el primero en etiquetar este registro!
LEADER 00699nrm a22001695g 4500
001 CEM.cems019346
008 130507b20??##################0###0#####d
005 20220830161622.0
003 CEMS
245 0 0 |a Juego de ludo /  |c Disney Latino 
260 |a Argentina :  |b Toyco,  |c [20??] 
300 |a 1 juego (1 tablero, 1 dado, 16 peones-rojo, azul, verde, amarillo) ; en caja 28 x 37 x 5 cm. + manual de instrucciones. 
500 |a Para 2 a 4 jugadores a partir de 5 años objetivo: colocar todas sus fichas en el sector de llegada antes que los demás. 
082 0 4 |a J794 
653 |a 1. juegos de estartegia tradicioneal 
653 |a 2. juegos de recorrido 
859 |a CEMS  |b BIB. CEMS - Ludoteca  |h J794  |i T668  |p 370.10  |t Ej.1